Quién soy ? #04 - Estadísticas

Estadísticas generales
  • Esta prueba ha sido intentada 77 veces
  • La puntuación promedio es 4 de 5
Estadísticas de respuestas
Pistas Personaje % Correcto
Soy un personaje ficticio estadounidense perteneciente al universo Disney, que aparece principalmente en dibujos animados, cómics y videojuegos.Soy un ratón antropomórfico. Soy un verdadero embajador de Walt Disney Company. Fui creado en 1928. Soy conocido y reconocido en todo el mundo, mi famosa silueta formada por tres círculos se ha vuelto inseparable de la marca Disney. Yo soy... Mickey Mouse
96%
Nací en julio del año 100 a.C. J.-C. en Roma y murió el 15 de marzo del 44 a. AD en la misma ciudad.Provengo de una familia patricia que se remonta a los primeros tiempos de la historia de Roma. El apodo de mi familia, que significa "el que corta", indica que uno de mis antepasados ​​se había distinguido en la guerra con su espada. Reivindico ascendencia que se remonta a Venus. Hacia el 80 a. C. me uní al ejército. Tras la captura de Mitilene, soy recompensado con una corona cívica (la más alta condecoración militar, generalmente otorgada por haber salvado la vida de un conciudadano en combate). De vuelta en Roma, comencé mi vida pública demandando al procónsul Cnaeus Cornelius Dolabella y contra Caius Antonius Hybrida. Fui elegido en el 63 a. J.-C. bajo pontifex maximus gracias a una campaña financiada por Craso. Fui elegido cónsul en el 59 a. J.-C. Dirigí las Guerras de las Galias es una serie de campañas militares contra varias tribus de las Galias. La guerra de Roma contra estas tribus duró del 58 al 51-50 a. J. - C., y conduce a la batalla decisiva de Alesia en el 52 av. Morí, asesinado en particular por mi hijo adoptivo Brutus. Yo soy... Julio César
93%
Nací el 25 de octubre de 1881 en Málaga y fallecí el 8 de abril de 1973 en Mougins.Soy un pintor, dibujante, escultor y grabador español que pasó la mayor parte de su vida en Francia. Se me considera uno de los fundadores del cubismo con Georges Braque y compañero de arte del surrealismo. Realicé cerca de 50.000 obras, entre ellas 1.885 pinturas, 1.228 esculturas, 2.880 cerámicas, 7.089 dibujos, 342 tapices, 150 cuadernos de bocetos y 30.000 estampas (grabados, litografías, etc.). Entre mis obras más famosas se encuentran las protocubistas Les Demoiselles d'Avignon (1907) y Guernica (1937), una representación dramática del bombardeo de Guernica durante la Guerra Civil Española. Yo soy... Pablo Picasso
90%
Nací el 18 de julio de 1918 en Mvezo y fallecí el 5 de diciembre de 2013 en Johannesburgo.Soy un abogado. El 5 de agosto de 1962 fui arrestado por la policía sudafricana siguiendo instrucciones de la CIA, y luego sentenciado a cadena perpetua y trabajos forzados durante el juicio de Rivonia. A partir de entonces, me convertí en un símbolo de la lucha por la igualdad racial y me beneficié de un creciente apoyo internacional. Soy uno de los líderes históricos en la lucha contra el sistema político institucional de segregación racial (apartheid) antes de asumir la presidencia de la República de Sudáfrica de 1994 a 1999, luego de las primeras elecciones nacionales no segregacionistas en la historia del país. Yo soy... Nelson Mandela
84%
Soy una mujer británica de letras, autora de muchas novelas policiacas.Nací el 15 de septiembre de 1890 en Torquay, Reino Unido y fallecí el 12 de enero de 1976 en Wallingford, Reino Unido. Mi seudónimo está asociado al de sus dos héroes: Hércules Poirot, detective profesional belga, y Miss Marple, detective aficionada. Me llaman la “reina del crimen”. También he escrito varias novelas, incluidas algunas historias sentimentales, bajo el seudónimo de Mary Westmacott. Yo soy... Agatha Christie
74%
No se encontraron pruebas coincidentes
Distribución de puntuación
Porcentaje de gente con cada puntuación
Porcentaje por número respondido
Historial de tus puntuaciones
No has intentado esta prueba.